Fundamentals Of Experimental Pharmacology (Record no. 8582)
[ view plain ]
| 000 -LEADER | |
|---|---|
| fixed length control field | 00373nam a22001457a 4500 |
| 008 - FIXED-LENGTH DATA ELEMENTS--GENERAL INFORMATION | |
| fixed length control field | 200319b ||||| |||| 00| 0 eng d |
| 020 ## - INTERNATIONAL STANDARD BOOK NUMBER | |
| International Standard Book Number | 9788190296502 |
| 082 ## - DEWEY DECIMAL CLASSIFICATION NUMBER | |
| Classification number | 615.1 GHF |
| 100 ## - MAIN ENTRY--PERSONAL NAME | |
| Personal name | Ghosh, M. N. |
| 245 ## - TITLE STATEMENT | |
| Title | Fundamentals Of Experimental Pharmacology |
| 250 ## - EDITION STATEMENT | |
| Edition statement | 7th (2019) |
| 260 ## - PUBLICATION, DISTRIBUTION, ETC. (IMPRINT) | |
| Place of publication, distribution, etc | New Delhi |
| Name of publisher, distributor, etc | Hilton & Company |
| 650 ## - SUBJECT ADDED ENTRY--TOPICAL TERM | |
| Topical term or geographic name as entry element | Pharmacology |
| 942 ## - ADDED ENTRY ELEMENTS (KOHA) | |
| Source of classification or shelving scheme | Dewey Decimal Classification |
| Koha item type | Text Books |
| Withdrawn status | Lost status | Source of classification or shelving scheme | Damaged status | Not for loan | Collection code | Home library | Current library | Shelving location | Date acquired | Source of acquisition | Currency | Cost, normal purchase price | Bill Number | Total Checkouts | Full call number | Acc. no. / Barcode | Date last seen | Copy number | Uniform Resource Identifier | Actual Cost, discounted price | Bill Date | Koha item type | Date last borrowed |
|---|---|---|---|---|---|---|---|---|---|---|---|---|---|---|---|---|---|---|---|---|---|---|---|
| Dewey Decimal Classification | B.Pharma | PIET C-LIBRARY | PIET C-LIBRARY | Ref. Sec. R09 | 07/01/2020 | Kirti Prakashan | IN Rupees | 650.00 | IN5980 | 615.1 GHF | BP282 | 19/03/2020 | 1 | 7 | 487.50 | 07/01/2020 | Reference Books | ||||||
| Dewey Decimal Classification | B.Pharma | PIET C-LIBRARY | PIET C-LIBRARY | Ref. Sec. R08 | 07/01/2020 | Kirti Prakashan | IN Rupees | 650.00 | IN5980 | 615.1 GHF | BP283 | 19/03/2020 | 2 | 7 | 487.50 | 07/01/2020 | Text Books | ||||||
| Dewey Decimal Classification | B.Pharma | PIET C-LIBRARY | PIET C-LIBRARY | 07/01/2020 | Kirti Prakashan | IN Rupees | 650.00 | IN5980 | 615.1 GHF | BP284 | 19/03/2020 | 3 | 7 | 487.50 | 07/01/2020 | Text Books | |||||||
| Dewey Decimal Classification | B.Pharma | PIET C-LIBRARY | PIET C-LIBRARY | 07/01/2020 | Kirti Prakashan | IN Rupees | 650.00 | IN5980 | 2 | 615.1 GHF | BP285 | 30/10/2025 | 4 | 7 | 487.50 | 07/01/2020 | Text Books | 24/09/2025 |